01687nam a2200445 i 450000100060000000300080000600500170001400600190003100700150005000800410006502000180010602000270012403500230015103500240017403500250019803500210022304000310024405000240027508000100029908200140030910000260032324501100034926400470045930000410050633600310054733700330057833800430061150000230065450400290067758801260070659001590083265000360099165000410102765000220106865000260109065500270111679700190114385600620116299900170122442981FlNmELB20241216222105.0m o d | cr cnu||||||||160827s2010 ag ob 001 0 spa d z9789506415723 a9789506418465 (e-book) a(MiAaPQ)EBC4536607 a(Au-PeEL)EBL4536607 a(CaPaEBR)ebr11217295 a(OCoLC)984794151 aFINmELBbspaerdacFINmELB 4aBF637.S4bA434 2010 a159.90 a158.12231 aAlles, Martha Alicia.10aConciliar vida profesional y personal :bdos miradas: organizacional e individual /cMartha Alicia Alles. 1aBuenos Aires :bEdiciones Granica,c[2010] a1 recurso en línea (440 páginas) atextobtxt2rdacontent/spa acomputadorabc2rdamedia/spa arecurso en líneabcr2rdacarrier/spa aContiene índice. aContiene bibliografía. aDescripción basada en recurso en línea; Título de la página del título en PDF (e-libro, visto August 27, 2016). aRecurso electronico. Santa Fe, Arg. : e-libro, 2016. Disponible via World Wide Web. El acceso puede ser limitado para las bibliotecas afiliadas a e-libro. 0aSelf-actualization (Psychology) 4aSuperación personal (Psicología) 0aFamily mediation. 4aMediación familiar. 4aLibros electrónicos.2 ae-libro, Corp.40uhttps://elibro.net/ereader/politecnicointernacional/66786 c42981d42981